000 00582cam a2200229 i 4500
001 3162905
005 20180223072715.0
008 750929s1976 nyua b 001 0 eng
010 _a 75033366
020 _a0070251800
040 _aDLC
_cDLC
_dDLC
041 _aeng
043 _an-us---
080 _a330.973
082 0 0 _a330.973 GUN
100 1 _a16
101 _aHIS
245 1 2 _aA new economic history of America /
_cGerald Gunderson.
504 _aIncludes bibliographies and index.
906 _a7
_bcbc
_corignew
_d1
_eocip
_f19
_gy-gencatlg
942 _2ddc
_cBK
999 _c43259
_d43259